000 00607nam a2200253Ia 4500
003 OSt
005 20220912152949.0
006 a|||||r|||| 00| 0
007 ta
008 220909b |||||||| |||| 00| 0 eng d
024 _a28101
037 _cTextual
040 _aCSL
_beng
_cCSL
041 _aeng
082 _aB9, H5
100 _aRussell Henry Norris
245 0 _aAstronomy
260 _c1945
300 _ap.
_ccm.
650 _aAstronomy
700 _a Dugav Raymond smith
942 _hB9, H5
_cTEXL
_2CC
999 _c94999
_d94999